Statistics for Bordering Countries #3

Click here to take the quiz!

General Stats

  • This quiz has been taken 48 times
  • The average score is 45 of 54

Answer Stats

Answer % Correct
PolandGermany
100%
PolandSlovakia
97%
SwitzerlandFrance
95%
LaosCambodia
95%
LaosVietnam
95%
HondurasGuatemala
92%
LibyaChad
92%
LibyaAlgeria
92%
LibyaEgypt
92%
SwitzerlandItaly
92%
SwitzerlandAustria
92%
LaosThailand
92%
LaosChina
92%
IranIraq
92%
RwandaDemocratic Republic of the Congo
89%
HondurasNicaragua
89%
LibyaSudan
89%
PolandRussia
89%
PolandCzech Republic
89%
PolandUkraine
89%
ZimbabweZambia
86%
BulgariaRomania
86%
LibyaTunisia
86%
PanamaCosta Rica
86%
SwitzerlandLiechtenstein
86%
TogoGhana
86%
GuyanaBrazil
86%
ZimbabweSouth Africa
86%
GuyanaSuriname
84%
HondurasEl Salvador
84%
ZimbabweBotswana
84%
RwandaUganda
84%
PanamaColombia
84%
PolandLithuania
81%
PolandBelarus
81%
GuyanaVenezuela
81%
BulgariaGreece
81%
IranAfghanistan
76%
BulgariaTurkey
76%
TogoBenin
76%
LaosBurma
76%
ZimbabweMozambique
76%
BulgariaSerbia
73%
RwandaTanzania
73%
RwandaBurundi
73%
TogoBurkina Faso
70%
LibyaNiger
68%
IranPakistan
68%
BulgariaMacedonia
62%
IranAzerbaijan
62%
IranTurkmenistan
62%
IranArmenia
57%

Score Distribution

Percentile by Number Answered

Percent of People with Each Score

Your Score History

You have not taken this quiz